000 00553nam a2200193Ia 4500
001 21154
003 GE_BSU
008 181216s||||||||xx |||||||||||||| ||und||
040 _cGE_BSU
245 _aБанковские технологии № 04(254) 2017
245 _cГл. ред. Ю.Н.Гордеев
260 _aМосква
260 _c2017
300 _a63 стр. 30см.
653 _aБанковские технологии № 04(254) 2017
653 _aПериодика
653 _aპერიოდიკა
942 _cCR
999 _c54099
_d54099